[Event "Vaxjo op"]
[Site "Vaxjo"]
[Date "2024.02.11"]
[Round "8"]
[White "Ljung, Harald"]
[Black "Kristensen, Kaare Hove"]
[Result "1/2-1/2"]
[WhiteElo "2098"]
[BlackElo "2324"]
[PlyCount "84"]
[EventDate "2024.02.09"]
[EventType "swiss"]
[EventRounds "8"]
[EventCountry "SWE"]
[SourceTitle "CB07_2024"]
[SourceDate "2024.02.14"]
[SourceVersion "1"]
[SourceVersionDate "2024.02.14"]
[SourceQuality "1"]

1. d4 d5 2. c4 e6 3. Nf3 a6 4. cxd5 exd5 5. Nc3 c6 6. Bf4 Nf6 7. e3 Be7 8. Bd3 Nbd7 9. h3 Nf8 10. 0-0 Ne6 11. Bh2 Bd6 12. Ne5 0-0 13. Rb1 Ng5 14. Bf4 Ne6 15. Bg3 Re8 16. Ne2 Nf8 17. Nf3 Ne4 18. Bxd6 Qxd6 19. Qc2 Ng6 20. Bxe4 Rxe4 21. Ng3 Re8 22. Qc5 Qf6 23. Nh5 Qd8 24. Ng3 Nh4 25. Ne5 Qg5 26. Qc1 f6 27. Nd3 Bf5 28. Nf4 Bxb1 29. Qxb1 Re7 30. Kh2 Rae8 31. Qd3 g6 32. a3 Nf5 33. Nxf5 Qxf5 34. Qxf5 gxf5 35. Rc1 Kf7 36. g3 Rd7 37. Kg2 Ke7 38. Nd3 Kd6 39. Kf3 Rc7 40. Kf4 b6 41. b4 Ke6 42. a4 Rb8 1/2-1/2

[Event "Rilton Cup 51st"]
[Site "Stockholm"]
[Date "2024.01.04"]
[Round "8"]
[White "Saksham, Wadhwa"]
[Black "Ljung, Harald"]
[Result "1-0"]
[WhiteElo "2033"]
[BlackElo "2120"]
[PlyCount "91"]
[EventDate "2023.12.27"]
[EventType "swiss"]
[EventRounds "9"]
[EventCountry "SWE"]
[SourceTitle "CB02_2024"]
[SourceDate "2024.01.10"]
[SourceVersion "1"]
[SourceVersionDate "2024.01.10"]
[SourceQuality "1"]

1. e4 c5 2. Nf3 Nc6 3. d4 cxd4 4. Nxd4 g6 5. Nc3 Bg7 6. Be3 Nf6 7. Bc4 0-0 8. Bb3 a5 9. 0-0 a4 10. Nxa4 Nxe4 11. Nb5 d5 12. Bb6 Qd7 13. Qe2 e6 14. Rad1 Na5 15. f3 Nxb3 16. axb3 Nf6 17. Bc5 Rd8 18. Bb6 Rf8 19. Bc5 Rd8 20. Bd4 Qc6 21. Na7 Qc7 22. Nb5 Qc6 23. Na7 Rxa7 24. Bxa7 b5 25. Nc5 Qc7 26. Ra1 Nh5 27. Nd3 e5 28. Be3 Bf5 29. g4 Bxd3 30. cxd3 Nf4 31. Bxf4 exf4 32. Rac1 Bd4+ 33. Kg2 Qd6 34. Rc2 Be3 35. d4 Qb4 36. Qd3 Bxd4 37. Rfc1 Kg7 38. Rc8 Rd6 39. Re8 Bxb2 40. Rcc8 Bf6 41. Rb8 Qa5 42. Rxb5 Qa6 43. Qe2 Qc6 44. Rbb8 d4 45. Rbc8 d3 46. Rxc6 1-0

[Event "Uppsala Young Champions 10th"]
[Site "Uppsala"]
[Date "2023.10.29"]
[Round "4"]
[White "Ljung, Harald"]
[Black "Mai, Alexander Oliver"]
[Result "1-0"]
[WhiteElo "2159"]
[BlackElo "2118"]
[PlyCount "103"]
[EventDate "2023.10.27"]
[EventType "swiss"]
[EventRounds "9"]
[EventCountry "SWE"]
[SourceTitle "Mega2024 Update 01"]
[Source "Chessbase"]
[SourceDate "2023.11.12"]
[SourceVersion "1"]
[SourceVersionDate "2023.11.12"]
[SourceQuality "1"]

1. d4 Nf6 2. c4 e6 3. Nc3 Bb4 4. Qc2 0-0 5. Nf3 c5 6. dxc5 Na6 7. e3 Nxc5 8. Be2 Nce4 9. Bd2 Nxd2 10. Nxd2 d5 11. 0-0 Bd7 12. cxd5 Bxc3 13. Qxc3 Nxd5 14. Qb3 Bc6 15. Nf3 Qb6 16. Qxb6 Nxb6 17. Nd4 Bd5 18. Nb5 a6 19. Nc3 Rac8 20. Rfd1 Rfd8 21. Rac1 Bc6 22. h3 Kf8 23. Bf3 Bxf3 24. gxf3 Ke7 25. Rxd8 Rxd8 26. Ne4 f5 27. Rc7+ Nd7 28. Nc3 Rb8 29. f4 Kd6 30. Rc4 b5 31. Rd4+ Kc6 32. Ne2 e5 33. fxe5 Nxe5 34. Kg2 Rc8 35. Rh4 Kb6 36. Nd4 h6 37. Rh5 Nd3 38. b3 f4 39. Rd5 Ne1+ 40. Kf1 Rc1 41. Ke2 Ra1 42. e4 g5 43. e5 Ng2 44. Rd6+ Kc7 45. Rxa6 Re1+ 46. Kf3 Nh4+ 47. Kg4 Rxe5 48. Rxh6 Kd7 49. Rh5 Re4 50. Nf3 Ng2 51. Nxg5 Re1 52. Kf3 1-0

[Event "Gothenburg Kvibergspelen"]
[Site "Gothenburg"]
[Date "2023.09.15"]
[Round "4"]
[White "Wiklund, Johan"]
[Black "Ljung, Harald"]
[Result "0-1"]
[WhiteElo "1915"]
[BlackElo "2164"]
[PlyCount "66"]
[EventDate "2023.09.15"]
[EventType "swiss"]
[EventRounds "8"]
[EventCountry "SWE"]
[SourceTitle "EXT 2024"]
[Source "ChessBase"]
[SourceDate "2023.10.10"]
[SourceVersion "1"]
[SourceVersionDate "2023.10.10"]
[SourceQuality "1"]

1. Nf3 Nf6 2. c4 e6 3. Nc3 d5 4. d4 Be7 5. Bf4 0-0 6. e3 c6 7. c5 b6 8. b4 a5 9. a3 Ba6 10. Bxa6 Nxa6 11. Rb1 Nh5 12. Be5 f6 13. Bg3 Nxg3 14. hxg3 Qc7 15. Na4 bxc5 16. bxc5 Rab8 17. Rb6 Rxb6 18. Nxb6 Rb8 19. Qd3 Bxc5 20. dxc5 Nxc5 21. Qxh7+ Kf7 22. Nh4 Rxb6 23. Qg6+ Kf8 24. Nf3 Qf7 25. Rh8+ Ke7 26. Qc2 Nd7 27. a4 Kd6 28. Nd4 Ne5 29. Nb3 Nc4 30. Nd4 Qb7 31. Qg6 Rb1+ 32. Ke2 Qb2+ 33. Kf3 Ne5+ 0-1

[Event "Norrkoeping Easter op"]
[Site "Norrkoeping"]
[Date "2023.04.07"]
[Round "2"]
[White "Ljung, Harald"]
[Black "Olsson, William"]
[Result "0-1"]
[WhiteElo "2045"]
[BlackElo "2354"]
[PlyCount "126"]
[EventDate "2023.04.07"]
[EventType "swiss"]
[EventRounds "8"]
[EventCountry "SWE"]
[SourceTitle "CBM 213 Extra"]
[Source "ChessBase"]
[SourceDate "2023.05.31"]
[SourceVersion "1"]
[SourceVersionDate "2023.05.31"]
[SourceQuality "1"]

1. d4 d5 2. Nf3 Nf6 3. Bf4 c5 4. dxc5 Nc6 5. e3 e6 6. c4 Bxc5 7. Nc3 Bb4 8. Rc1 Ne4 9. Bd3 Nxc3 10. bxc3 Ba3 11. Rb1 dxc4 12. Bxc4 Qa5 13. 0-0 0-0 14. Qc2 a6 15. Ng5 g6 16. Ne4 Be7 17. a4 Kg7 18. Nd6 e5 19. Nxc8 Raxc8 20. Bg3 Nd8 21. Qb3 Bf6 22. Rfc1 Rc5 23. Rd1 Qc7 24. Bd5 Rxc3 25. Qb4 Rc2 26. h3 a5 27. Qb3 Rc3 28. Qb5 Rc5 29. Qb3 Rc3 30. Qb5 Ra3 31. Bxb7 Nxb7 32. Qxb7 Qc2 33. Qb5 Qxa4 34. Qxa4 Rxa4 35. Rd5 Ra8 36. Bxe5 Bxe5 37. Rxe5 Ra7 38. Rc5 Ra2 39. Rcc1 a4 40. Ra1 Rb2 41. Ra3 Rb4 42. Kh2 h5 43. Kg3 Ra5 44. Rca1 h4+ 45. Kh2 g5 46. f3 Kg6 47. Rd3 f6 48. Kg1 Kf7 49. Kf2 Rb2+ 50. Kf1 Rc5 51. Rda3 Rcc2 52. Rxa4 Rf2+ 53. Kg1 Rxg2+ 54. Kf1 Rh2 55. Rg4 Rxh3 56. f4 gxf4 57. exf4 Ke6 58. Ra6+ Kf5 59. Rg8 Rf3+ 60. Kg1 Rg3+ 61. Rxg3 hxg3 62. Ra4 Kg4 63. Rc4 Kf3 0-1